N'oubliez pas les paroles! #6 - Statistiques

Statistiques générales
  • Ce quiz a été pris 4 192 fois
  • Le résultat moyen est 20 sur 37
Réponses sur la Carte
Les réponses sont colorées sur une échelle allant du rouge au vert en fonction du pourcentage des utilisateurs qui les ont devinées à leur premier essai. Vous pouvez retrouver ces pourcentages ci-dessous.
 
Statistiques - réponses
Chanson Mot % Correct
Chanson 5 d
98%
Chanson 5 de
90%
Chanson 5 le
80%
Chanson 3 il
79%
Chanson 1 des
77%
Chanson 4 des
77%
Chanson 3 du
73%
Chanson 5 j
73%
Chanson 3 mange
70%
Chanson 4 les
69%
Chanson 5 les
69%
Chanson 1 affaires
65%
Chanson 5 en
65%
Chanson 3 aux
64%
Chanson 3 poulet
62%
Chanson 3 hormones
61%
Chanson 5 y
58%
Chanson 4 t
57%
Chanson 5 coeur
55%
Chanson 5 gros
53%
Chanson 5 Saint-Malo
51%
Chanson 5 avais
50%
Chanson 2 ce
48%
Chanson 5 penser
48%
Chanson 2 je
46%
Chanson 2 que
44%
Chanson 4 dans
42%
Chanson 5 feux
42%
Chanson 2 veux
41%
Chanson 4 couloirs
32%
Chanson 5 doublant
32%
Chanson 4 miroirs
32%
Chanson 4 pour
32%
Chanson 4 tu
32%
Chanson 4 comme
28%
Chanson 4 eviter
28%
Chanson 4 arranges
22%
Aucun quiz correspondant
Distribution des résultats
% des personnes avec chaque résultat
Percentile par nombre de réponses
Votre historique - résultats
Vous n’avez pas pris ce quiz